Statistics for Countries by number of airlines

Click here to take the quiz!

General Stats

  • This quiz has been taken 162 times
  • The average score is 15 of 20

Answer Stats

AmountCountry% Correct
156United States
100%
25France
97%
55China
96%
118Canada
95%
40Germany
94%
116United Kingdom
94%
105Russia
93%
28Japan
92%
30Spain
92%
35India
90%
37Australia
89%
54Indonesia
81%
27Thailand
69%
27United Arab Emirates
61%
24Switzerland
55%
26Colombia
53%
30Ukraine
48%
24Denmark
38%
34Kazakhstan
38%
47Kenya
26%

Score Distribution

Percentile by Number Answered

Percent of People with Each Score

Your Score History

You have not taken this quiz